| 000 | 00935nam a22002297a 4500 | ||
|---|---|---|---|
| 005 | 20210325180242.0 | ||
| 008 | s2542 th tha d | ||
| 041 | _atha | ||
| 050 | _aP90 ก677ค 2542 | ||
| 100 | 0 | _aกิติมา สุรสนธิ | |
| 245 | 1 | 0 | _aความรู้ทางการสื่อสาร |
| 246 | _aCommunication | ||
| 260 | 3 |
_aกรุงเทพฯ : _bคณะวารสารศาสตร์และสื่อสารมวลชน มหาวิทยาลัยธรรมศาสตร์, _c2542 |
|
| 300 |
_a137 หน้า : _b ตาราง, แผนภูมิ ; _c 26 ซม. |
||
| 650 | 0 | 4 | _aการสื่อสาร |
| 650 | 0 | 4 | _aแบบจำลองการสื่อสาร |
| 650 | 0 | 4 | _aสื่อมวลชน |
| 850 | _aNALT | ||
| 942 | _cGB | ||
| 997 | _c000000000008840 | ||
| 998 | _aBENJALUCK SUTTHIWILAI | ||
| 999 |
_c8840 _d8840 |
||